<?xml version="1.0" encoding="UTF-8"?>
<record
    xmlns:xsi="http://www.w3.org/2001/XMLSchema-instance"
    xsi:schemaLocation="http://www.loc.gov/MARC21/slim http://www.loc.gov/standards/marcxml/schema/MARC21slim.xsd"
    xmlns="http://www.loc.gov/MARC21/slim">

  <leader>02115nam a22003257a 4500</leader>
  <controlfield tag="001">00004587</controlfield>
  <controlfield tag="003">DO-SdBNP</controlfield>
  <controlfield tag="005">20180124141729.0</controlfield>
  <controlfield tag="007">00004587</controlfield>
  <controlfield tag="008">160606b  2003 sp      xxu||||| |||| 00| 0 spa d</controlfield>
  <datafield tag="020" ind1=" " ind2=" ">
    <subfield code="a">842771422X</subfield>
  </datafield>
  <datafield tag="040" ind1=" " ind2=" ">
    <subfield code="a">BPMSU</subfield>
    <subfield code="b">spa</subfield>
    <subfield code="c">BPMSU</subfield>
  </datafield>
  <datafield tag="041" ind1="1" ind2="7">
    <subfield code="a">spa</subfield>
    <subfield code="h">eng</subfield>
  </datafield>
  <datafield tag="092" ind1=" " ind2=" ">
    <subfield code="a">xxxxx</subfield>
    <subfield code="b">xxxxx</subfield>
  </datafield>
  <datafield tag="240" ind1="1" ind2="0">
    <subfield code="a">Assessment matters in higher education.</subfield>
    <subfield code="l">Espa&#xF1;ol.</subfield>
  </datafield>
  <datafield tag="245" ind1="1" ind2="0">
    <subfield code="a">Evaluar en la universidad : </subfield>
    <subfield code="b">problemas y nuevos enfoques /</subfield>
    <subfield code="c">editor ;  	Sally Brown y Angela Glasner</subfield>
  </datafield>
  <datafield tag="260" ind1=" " ind2=" ">
    <subfield code="a">Madrid : </subfield>
    <subfield code="b">Narcea, </subfield>
    <subfield code="c">2003.</subfield>
  </datafield>
  <datafield tag="300" ind1=" " ind2=" ">
    <subfield code="a">225 p. ; </subfield>
    <subfield code="c">23 cm. </subfield>
  </datafield>
  <datafield tag="490" ind1="1" ind2=" ">
    <subfield code="a">Universitaria.</subfield>
  </datafield>
  <datafield tag="500" ind1=" " ind2=" ">
    <subfield code="a"> 	
</subfield>
  </datafield>
  <datafield tag="504" ind1=" " ind2=" ">
    <subfield code="a">Bibliograf&#xED;a : p. 223-225</subfield>
  </datafield>
  <datafield tag="505" ind1="0" ind2=" ">
    <subfield code="a"> 	
Estrategias institucionales en evaluaci&#xF3;n / Sally Brown / - Innovaciones en la evaluaci&#xF3;n del estudiante : un sistema de amplia perspectiva / Angela Glasner / - Evaluaci&#xF3;n y valoraci&#xF3;n : una aproximaci&#xF3;n sistem&#xE1;tica / Dary Edwin / - Uso estrat&#xE9;gico de la educaci&#xF3;n en el aprendizaje / Grahan Gibbs / - &#xBF;Por qu&#xE9; evaluar de un modo innovador? Phil Race / - La experiencia en la evaluaci&#xF3;n innovadora / Liz McDowell / - Calidad y objetividad en la correcci&#xF3;n del trabajo escrito / Neil D. Fleming / - Aplicaciones pr&#xE1;ctica de una evaluaci&#xF3;n pr&#xE1;ctica / Sally Brown / - Evaluaci&#xF3;n de la habilidades b&#xE1;sicas / Garth Rhodes / - Uso del portafolios en la formaci&#xF3;n del profesorado y en las ciencias de la salud / Gill Young / - Evaluaci&#xF3;n en grupo fomentar un aprendizaje de calidad / Mike Heathfield / - Dimensiones y enfoques de la evaluaci&#xF3;n oral / Gordon Joughin / - La autoevaluaci&#xF3;n y la evaluaci&#xF3;n por los compa&#xF1;eros / Angela Brew / - Evaluaci&#xF3;n realizada por los compa&#xF1;eros : motivaciones, reflexi&#xF3;n y perspectivas de futuro / Andy Lapaham y Ray Webster - Caso pr&#xE1;ctico: primera evaluaci&#xF3;n por los compa&#xF1;eros y su autoevaluaci&#xF3;n / Paul Roach.</subfield>
  </datafield>
  <datafield tag="700" ind1="1" ind2="2">
    <subfield code="a">Brown, Sally, </subfield>
    <subfield code="e">edt.</subfield>
  </datafield>
  <datafield tag="700" ind1="1" ind2="2">
    <subfield code="a">Glasner,  Angela,</subfield>
    <subfield code="e">edt.</subfield>
  </datafield>
  <datafield tag="700" ind1="1" ind2="2">
    <subfield code="a">Callizo, Miguel </subfield>
    <subfield code="e">tr.</subfield>
  </datafield>
  <datafield tag="830" ind1=" " ind2="0">
    <subfield code="p">Universitaria</subfield>
  </datafield>
  <datafield tag="942" ind1=" " ind2=" ">
    <subfield code="2">ddc</subfield>
    <subfield code="c">BK</subfield>
  </datafield>
  <datafield tag="945" ind1=" " ind2=" ">
    <subfield code="a">Inventariado, 2018 / YL</subfield>
  </datafield>
  <datafield tag="952" ind1=" " ind2=" ">
    <subfield code="0">0</subfield>
    <subfield code="1">0</subfield>
    <subfield code="2">ddc</subfield>
    <subfield code="4">0</subfield>
    <subfield code="7">0</subfield>
    <subfield code="8">CG</subfield>
    <subfield code="a">BPMET</subfield>
    <subfield code="b">BPMET</subfield>
    <subfield code="d">2016-06-06</subfield>
    <subfield code="e">Laura Garc&#xED;a</subfield>
    <subfield code="l">0</subfield>
    <subfield code="p">BPMSU16060049</subfield>
    <subfield code="r">2016-06-06</subfield>
    <subfield code="w">2016-06-06</subfield>
    <subfield code="y">BK</subfield>
  </datafield>
  <datafield tag="956" ind1=" " ind2=" ">
    <subfield code="a">LPEREZ</subfield>
    <subfield code="b">10</subfield>
    <subfield code="c">BPMSU</subfield>
  </datafield>
  <datafield tag="999" ind1=" " ind2=" ">
    <subfield code="c">10272</subfield>
    <subfield code="d">10272</subfield>
  </datafield>
</record>
